Alcohol and aggression

Gespeichert in:  
Bibliographische Detailangaben
Beteiligte: Brain, Paul F. (Herausgegeben von)
Medienart: Druck Buch
Sprache:Englisch
Veröffentlicht: London [u.a.] Croom Helm 1986
In:Jahr: 1986
Bestand in Tübingen:In Tübingen vorhanden.
UB: KB 18 A 1700
Verfügbarkeit prüfen: HBZ Gateway
Subito Bestelldienst: Jetzt bestellen.
Bände / Aufsätze:Bände / Aufsätze anzeigen.
Schlagwörter:

MARC

LEADER 00000cam a2200000 c 4500
001 27310649X
003 DE-627
005 20251222212416.0
007 tu
008 990101s1986 xxk||||| 00| ||eng c
020 |a 0709906919 
035 |a (DE-627)27310649X 
035 |a (DE-576)02087183X 
035 |a (DE-599)GBV27310649X 
035 |a (OCoLC)246379715 
035 |a (OCoLC)12664688 
035 |a (OCoLC)12664688 
035 |a (DE-604)800386622x 
040 |a DE-627  |b ger  |c DE-627  |e rakwb 
041 |a eng 
044 |c XA-GB 
050 0 |a BF575.A3 
060 0 |a WM 274 A3492 
082 0 |a 155.2/32 
084 |a CP 3800  |2 rvk  |0 (DE-625)rvk/18982: 
245 0 0 |a Alcohol and aggression  |c ed. by Paul F. Brain 
264 1 |a London [u.a.]  |b Croom Helm  |c 1986 
300 |a 228 S  |b Ill., graph. Darst 
336 |a Text  |b txt  |2 rdacontent 
337 |a ohne Hilfsmittel zu benutzen  |b n  |2 rdamedia 
338 |a Band  |b nc  |2 rdacarrier 
583 1 |a Archivierung prüfen  |c 20200919  |f DE-640  |z 3  |2 pdager 
583 1 |a Archivierung prüfen  |c 20240324  |f DE-4165  |z 1  |2 pdager 
653 0 |a Aggressiveness 
653 0 |a Alcohol  |a Physiological effect 
653 0 |a Violence 
653 0 |a Aggression  |a drug effects 
653 0 |a Alcohol Drinking 
653 0 |a Alcohol, Ethyl  |a pharmacodynamics 
653 0 |a Alcoholic Intoxication  |a psychology 
653 0 |a Alcoholism  |a psychology 
655 7 |a Aufsatzsammlung  |0 (DE-588)4143413-4  |0 (DE-627)105605727  |0 (DE-576)209726091  |2 gnd-content 
689 0 0 |d s  |0 (DE-588)4001220-7  |0 (DE-627)106398040  |0 (DE-576)208841741  |a Alkoholismus  |2 gnd 
689 0 1 |d s  |0 (DE-588)4141621-1  |0 (DE-627)105618969  |0 (DE-576)209712791  |a Aggressivität  |2 gnd 
689 0 |5 (DE-627) 
689 1 0 |d s  |0 (DE-588)4000732-7  |0 (DE-627)106400215  |0 (DE-576)208839216  |a Aggression  |2 gnd 
689 1 1 |d s  |0 (DE-588)4001220-7  |0 (DE-627)106398040  |0 (DE-576)208841741  |a Alkoholismus  |2 gnd 
689 1 |5 (DE-627) 
700 1 |a Brain, Paul F.  |e Hrsg.  |4 edt 
889 |w (DE-627)026494639 
935 |i mdedup 
935 |i Blocktest 
936 r v |a CP 3800  |b Aggression, Frustration  |k Psychologie  |k Allgemeine Psychologie  |k Konflikt, Angst, Aggression, Frustration, Stress  |k Aggression, Frustration  |0 (DE-627)1270707809  |0 (DE-625)rvk/18982:  |0 (DE-576)200707809 
951 |a BO 
ELC |b 1 
LOK |0 000 xxxxxcx a22 zn 4500 
LOK |0 001 3340156549 
LOK |0 003 DE-627 
LOK |0 004 27310649X 
LOK |0 005 19900703000000 
LOK |0 008 900703||||||||||||||||ger||||||| 
LOK |0 040   |a DE-21  |c DE-627  |d DE-21 
LOK |0 852   |a DE-21 
LOK |0 852 1  |c KB 18 A 1700  |9 00 
LOK |0 935   |a krim 
LOK |0 936ln  |a k1 
LOK |0 939   |a 03-07-90  |b l01 
LOK |0 000 xxxxxcx a22 zn 4500 
LOK |0 001 3340156565 
LOK |0 003 DE-627 
LOK |0 004 27310649X 
LOK |0 005 20131025122313 
LOK |0 008 131025||||||||||||||||ger||||||| 
LOK |0 040   |a DE-21-110  |c DE-627  |d DE-21-110 
LOK |0 852   |z Kein Bestand am IfK; Nachweis für KrimDok 
LOK |0 852   |a DE-21-110 
LOK |0 852 1  |9 00 
LOK |0 935   |a k110 
LOK |0 939   |a 25-10-13  |b l01 
LOK |0 000 xxxxxcx a22 zn 4500 
LOK |0 001 334015659X 
LOK |0 003 DE-627 
LOK |0 004 27310649X 
LOK |0 005 20180927171219 
LOK |0 008 180927||||||||||||||||ger||||||| 
LOK |0 040   |a DE-Frei85  |c DE-627  |d DE-Frei85 
LOK |0 852   |a DE-Frei85 
LOK |0 852 1  |m p  |9 00 
LOK |0 938   |k p 
LOK |0 939   |a 27-09-18  |b l01 
ORI |a WA-MARC-krimdokb001.raw 
SIG |a UB: KB 18 A 1700 
SPR |a 1  |t KRI